Statistics for Квиз о Лихтенштајну

Click here to take the quiz!

General Stats

  • This quiz has been taken 69 times
  • The average score is 10 of 15

Answer Stats

ОписОдговор% Correct
Граничне државеШвајцарска
100%
Граничне државеАустрија
98%
Званични језикНемачки
98%
Планински венац у којем се налази ЛихтенштајнАлпи
97%
Главни градВадуц
91%
Ко није могао да гласа на изборима у Лихтенштајну до 1984?Жене
90%
Као Монако и Андора, тренутни монарх Лихтенштајна има ову титулуКнез
72%
Владар Лихтенштајна има могућност да стави ____ на било који законВето
62%
Лихтенштајн је друга ________ држава на свету, једино је Монако испредНајбогатија
53%
Валута која се користи у ЛихтенштајнуФранак
53%
Река која се налази на западној граници ЛихтенштајнаРајна
48%
Лихтенштајн и Узбекистан су једине две државе које ________, а чији суседи ________ такођеНемају излаз на море
47%
Царство чији је Лихтенштајн био део до 1805.Свето римско царство
33%
Тренутни владар{Ханс}-Адам II
5%
Општина са највише становникаШан
3%

Score Distribution

Percentile by Number Answered

Percent of People with Each Score

Your Score History

You have not taken this quiz